Top 100 jugadores Españoles de la historia.(sin orden) - Estadísticas

Estadísticas generales
  • Esta prueba ha sido intentada 118 veces
  • La puntuación promedio es 36 de 100
Estadísticas de respuestas
Donde ha jugado El Jugador % Correcto
4-Barça (2002-2018),Vissel Kobe (2018-2023),Emirates Club (2023-2024) Iniesta
95%
3-Barça (1999-2015), Al Sadd Fc (2015-2019) Xavi
94%
2-Sevilla Fc (2003-2005),Madrid (2005-2021),Psg (2021-2023),Sevilla Fc (2023-2024),Monterrey C.F (2025-Presente) Ramos
92%
7-Real Madrid (1999-2015) Fc Porto (2015-2020) Iker Casillas
89%
1- Barça (1999-2014) Puyol
89%
14-Las Palmas U.D (2019-2020),Fc Barcelona (2020-Presente) Pedri
86%
12-Atletico de Madrid (2001-2007) Liverpool (2007-2011),Chelsea (2011-2015),Ac Milan (2015) Atletico de Madrid (2015-2018) Sagan Tosu (2018-2019) Fernando Torres
82%
20-Real Madrid (1994-2010) Fc Schalke 04 (2010-2012) Al-Sadd C.F (2012-2014) New York Cosmos (2014-2015) Raúl
80%
10-Real Madrid Castilla C.F (2010-2012) Bayern Leverkusen (2012-2013) Real Madrid (2013-Presente) Carvajal
79%
9-Sporting de Gijon (2001-2003) Real Zaragoza (2003-2005) Valencia C.F (2005-2010) Fc Barcelona (2010-2013) Atletico de Madrid (2013-2014) Melbourne City (2014) New York City (2015-2018) Vissel Kobe (2019-2020) David Villa
79%
43-F. C. Barcelona "B" (2007-2008) F. C. Barcelona (2008-2023) Inter de Miami (2023-Presente) Busquets
75%
6-Real Sociedad (1999-2004),Liverpool (2004-2009),Real Madrid (2009-2014) i Bayern de Munich (2014-2017) Xabi Alonso
75%
11-Atletico de Madrid B (2008-2011) Atletico de Madrid (2011-Presente) Koke
73%
42-Manchester United F. C. (2004-08) Real Zaragoza (2006-07) F. C. Barcelona (2008-22) Piqué
72%
13-Fc Barcelona B (2014-2023) Fc Barcelona (2023-Presente) Lamine Yamal
71%
5-Huracan Fc (1945-1947) River Plate (1947-1949) Millonarios (1949-1952) Real Madrid (1953-1964) Rcd Espanyol (1964-1966) Di stefano
64%
35-Valencia C. F. Mestalla (2007-09) Gimnàstic de Tarragona (2008-09) Valencia C. F. (2009-12) F. C. Barcelona (2012-23) Inter de Miami (2023-Presente) Jordi Alba
64%
90-F. C. Barcelona (2021-presente) Gavi
61%
31-Valencia C.F (2010-2011) Malaga (2011-2013) Real Madrid (2013-2022) Sevilla (2022) Real Betis (2022-Presente) Isco
60%
29-Villarreal B (2014-2016) Villarreal (2016-2018) Atletico de Madrid (2018-2019) Manchester City (2019-Presente) Rodri
59%
16-Fc Barcelona (2002-2014) Manchester United (2014-2016) Standerd de Lieja (2016) Middlesbourg Fc (2016-2017) Víctor Valdés
59%
19-Arsenal (2003-2011) Fc Barcelona (2011-2014) Chelsea (2014-2019) Monaco (2019-2021) Cesc Fabregas
58%
24-Deportivo de la Coruña (1953-1954) C.F Barcelona (1954-1956) S.D La España Industrial (1956-1957) C.F Barcelona (1957-1962) Inter de Milan (1963-1971) Sampdoria (1972-1974) Luis suarez
58%
44-Betis Balompié (2000-06) Valencia C. F. (2006-11) Málaga C. F. (2011-13) ACF Fiorentina (2013-15) Real Betis Balompié (2015-2023) Joaquin
56%
46-R. C. Celta de Vigo (2008-2013) Liverpool F. C. (2013-2015) Sevilla F. C. (2014-2015) R. C. Celta de Vigo (2015-Presente) Iago Aspas
53%
34-Sevilla F. C. (2003-13) Manchester City F. C. (2013-17) Sevilla F. C. (2017-2024) Jesús Navas
52%
61-Real Madrid Castilla C. F. (2010-13) Real Madrid C. F. (2010-14) Juventus F. C. (2014-16) Real Madrid C. F. (2016-17) Chelsea F. C. (2017-20) Atlético de Madrid (2019-20) Atlético de Madrid (2020-24) Juventus F. C. (2020-22) A. C. Milan (2024-presente) Galatasaray S. K. (2025-presente) Morata
51%
36-Valencia C. F. "C" (2002-2003) Valencia C. F. "B" (2003-2004) Valencia C. F. (2004-2010) S. D. Eibar (2004-2005) R. C. Celta de Vigo (2005-2006) Manchester City F. C. (2010-2020) Real Sociedad (2020-2023) David Silva
49%
40-Villarreal C. F. B (2003-04) Villarreal C. F. (2004-11) R. C. Recreativo de Huelva (2006-07) Málaga C. F. (2011-12) Arsenal F. C. (2012-18) Villarreal C. F. (2018-20) Al-Sadd S. C. (2020-2023) Real Oviedo (2023-Presente) Santi Cazorla
49%
15-Real Valladolid (1987-89) Real Madrid (1989-2003) Al-Rayyan F.c (2003-2004) Bolton Wanderers (2004-2005) Hierro
48%
48-Club Deportivo Basconia (2019-2020) Bilbao Athletic (2020-2021) Athletic Club (2021-Presente) Nico Williams
47%
50-C. D. Basconia (2014-2016) Bilbao Athletic (2016-2018) Athletic Club (2018-Presente) Unai Simon
46%
21-Real Madrid Aficionados (1981-1982) Real Madrid Castilla (1982-1984) Real Madrid (1983-1995) Atletico Celaya (1995-1998) Butragueño
45%
45-Real Sporting de Gijón "B" (1989-1990) Real Sporting de Gijón (1989-1991) Real Madrid C. F. (1991-1996) F. C. Barcelona (1996-2004) Luis Enrique
45%
22-Fc Barcelona C (1990) Fc Barcelona B (1990-1992) Fc Barcelona (1990-2001) Brescia Calcio (2001-2002) A.S Roma (2002-2003) Brescia Calcio (2003) Al-Ahly Doha (2003-2005) Dorados de Sinaloa (2005-2006) Pep Guardiola
44%
55-F. C. Barcelona "B" (2017-2018) F. C. Barcelona (2018-2019) S. D. Eibar (2018-2019) S. D. Eibar (2019) F. C. Barcelona (2019-2020) Getafe C. F. (2019-2021) Brighton & Hove Albion F. C. (2021-2022) Chelsea F. C. (2022-Presente) Cucurella
41%
52-Real Betis Balompié "B" (2014-2016) Real Betis Balompié (2016-2018) Elche C. F. (2017) S. S. C. Napoli (2018-2022) Paris Saint-Germain F. C. (2022-Presente) Fabian Ruiz
41%
54-F. C. Barcelona "B" (2011-16) S. L. Benfica (2016-23) Bayer 04 Leverkusen (2023-Presente) Grimaldo
40%
57-Real Madrid C. F. (1995-2010) Beşiktaş J. K. (2010-2011) Guti
39%
33-Albacete Balompie (1993-1995) Real Zaragoza (1995-1997) Real Madrid (1997-2003) A.S Monaco (2003-2004) Real Madrid C.F (2004-2005) Liverpool F.c (2005-2006) Valencia C.F (2006-2009) Olympique de Marsella (2009-2010) Morientes
39%
51-Racing de Santander (2008-10) Real Madrid C. F. (2010-12) Valencia C. F. (2012-14) Real Sociedad (2014-18) Real Betis Balompié (2018-23) C. F. Monterrey (2023-Presente) Canales
36%
73-Atlético de Madrid "B" (2008-09) Atlético de Madrid (2009-11) Manchester United F. C. (2011-23) ACF Fiorentina (2024-Presente) De Gea
36%
47-Real Madrid Castilla C. F. (2006-2007) Valencia C. F. (2007-2011) Chelsea F. C. (2011-2014) Manchester United F. C. (2014-2022) Galatasaray S. K. (2022-2023) Vissel Kobe (2023) Western Sydney Wanderers F. C. (2024-Presente) Juan Mata
36%
8-Ganz Torna (1944) Ferencvaros (1945-1946) Bratislava (1946-1948) Vasas SC (1949-1950) Barça (1950-1962) Rcd Espanyol (1963-1964) Fc Zurich (1965-1967) Toronto Falcons (1967) Kubala
36%
60-Real Sociedad "B" (2014-16) Real Sociedad (2016-Presente) Oyarzabal
36%
49-Atlético de Madrid "B" (2010-13) Atlético de Madrid (2013-Presente) Rayo Vallecano (2013-14) Chelsea F. C. (2021-22) Sevilla F. C. (2024-25) Saúl
35%
96-C. A. Osasuna "B" (2014) C. A. Osasuna (2014-2016) Borussia Dortmund (2016-2017) Newcastle United F. C (2017) Newcastle United F. C. (2017-2018) Real Sociedad (2018-2024) Arsenal F. C. (2024-Presente) Mikel Merino
34%
18-Alaves B (1979-1980) Alaves (1980-1981) Athletic de Bilbao B (1981) Athletic de Bilbao (1981-1986) Fc Barcelona (1986-1994) Valencia C.F (1994-1998) Zubizarreta
34%
71-R. C. D. Mallorca "B" (2013-14) R. C. D. Mallorca (2014-15) Real Madrid C. F. (2015-23) R. C. D. Espanyol (2015-16) Paris Saint-Germain F. C. (2023-Presente) Aston Villa F. C. (2025) Marco Asensio
33%
39-Valencia C. F. "B" (2003-2004) Valencia C. F. (2004-2009) Getafe C. F. (2004-2005) Real Madrid C. F. (2009-2013) S. S. C. Napoli (2013-2019) Villarreal C. F. (2019-Presente) Raúl Albiol
33%
41-Real Madrid C. F. (2004-05) R. C. D. La Coruña (2006-07) Liverpool F. C. (2007-09) Real Madrid C. F. (2009-16) West Ham United F. C. (2016-17) Arbeloa
31%
72-F. C. Barcelona "B" (2009-2013) F. C. Barcelona (2013-2024) Como 1907 (2024-Presente) Sergi Roberto
31%
91-F. C. Barcelona Atlètic (2021-2023) F. C. Barcelona (2023-presente) Balde
28%
93-F. C. Barcelona Atlètic (2023-2024) F. C. Barcelona (2024-Presente) Cubarsi
28%
53-Valencia C. F. Mestalla (2012-14) Valencia C. F. (2014-Presente) Gaya
28%
68-Real Racing Club de Santander (1952-53) Real Madrid Club de Fútbol (1953-71) Paco Gento
28%
98-C. A. Osasuna B (2006-2007) C. A. Osasuna (2007-2010) Olympique de Marsella (2010-2012) Chelsea F. C. (2012-2023) Atlético de Madrid (2023-presente) Azpilicueta
27%
100-Rayo Vallecano (2004-2005) Real Madrid Castilla C.F (2005-2007) U.D Almeria (2007-2009) Sevilla (2009-2013) Manchester City (2013-2014) Valencia C.F (2014-2016) Middlesbrough (2016-2017) Besiktas J.K (2017-2018) Al-Nassr (2018-2020) Cadiz C.F (2020-2024) Real Valladolid C.F (2024) Negredo
27%
74-Southport F.C (2014-2015) Blackburn Rovers (2014-2019) Brentford (2019-2023) Arsenal (2023-Presente) David Raya
26%
99-Sporting de Braga (2005-06) F. C. Penafiel (2006) Atlético de Madrid (2007-09) Sporting de Braga (2007) R. C. Celta de Vigo (2007-08) Albacete Balompié (2008-09) Real Valladolid C. F. (2009-10) Atlético de Madrid (2010-14) Rayo Vallecano (2012) Chelsea F. C. (2014-17) Atlético de Madrid (2017-20) Atlético Mineiro (2021) Wolverhampton Wanderers F. C. (2022-2023) Botafogo (2023) Gremio (2024) Diego Costa
24%
95-Real Sociedad "C" (2017-18) Real Sociedad B (2018-20) Real Sociedad (2020-25) Arsenal F. C. (2025-Presente) Martin Zubimendi
24%
85-Bilbao Athletic (2009) Athletic Club (2009-24) C. A. San Lorenzo de Almagro (2024-25) Iker Muniain
22%
32-U.E Tarrega (1996-1997) R.C.D Espanyol B (1997-1998) R.C.D Espanyol (1998-1999) Atletico de Madrid (1999-2000) Deportivo de la Coruña (2000-2007) Villarreal C.F (2007-2011) S.L Benfica (2011-2012) R.C.D Espanyol (2012-2014) North east United (2014) Lieserke F.C (2015-2016) Santa Coloma (2016-2017) Joan Capdevila
22%
97-Real Madrid C.F B (2002-2005) Real Madrid (2003-2005) R.C.D Espanyol (2005-2006) Osasuna (2006-2011) Atletico de Madrid (2011-2019) Sao Paulo (2019-2020) Juanfran
22%
30-S.D Ensidesa (1967-1968) Sporting de Gijon (1968-1980) F.C Barcelona (1980-1984) Sporting de Gijon (1984-1987) Quini
22%
77-Écija Balompié (2006-2008) F. C. Barcelona "B" (2008-2011) S. L. Benfica (2011-2013) Granada C. F. (2013) R. C. Celta de Vigo (2013-2016) Manchester City F. C. (2016-2017) Sevilla F. C. (2017-2020) R. C. Celta de Vigo (2020-2022) U. D. Ibiza (2022-2023) Nolito
21%
63-Las Palmas "B" (1994 - 1995) Las Palmas (1995 - 1997) Mallorca (1997 - 1998) Atlético de Madrid (1998 - 2000) Deportivo (2000 - 2013) Las Palmas (2013 - 2016) Juan Carlos Valeron
20%
17-Universitary S.c (1915-1916) Rcd Espanyol (1916-1920) Fc Barcelona (1920-1923) Rcd Espanyol (1923-1930) Real Madrid (1930-1936) O.G.C Nice (1936-1938) Zamora
20%
65-Real Madrid C. F. "C" (1988-1989) Real Madrid Castilla (1989-1990) Real Madrid C. F. (1988-1992) Elche C. F. (1990-1991) C. P. Mérida (1991-1992) R. C. Celta de Vigo (1992-1994) Real Madrid C. F. (1994-1998) Valencia C. F. (1998-2008) Cañizares
19%
70-Rio Branco E. C. (1997-1999) América S. P. (1998) S. C. Corinthians (1999-2001) E. C. Juventude (2001) A. D. São Caetano (2002) Villarreal C. F. (2002-2013) New York Cosmos (2013-2015) Marcos Senna
19%
89-F. C. Barcelona "B" (1999-2002) París Saint-Germain (2001-02) Glasgow Rangers (2002-04) Real Sociedad (2004-05) Everton F. C. (2005) Everton F. C. (2005-11) Arsenal F. C. (2011-16) Mikel Arteta
19%
79-Bilbao Athletic (2018-2020) Atletic club de Bilbao (2020-Presente) Sancet
19%
38-Celta B (1994-1997) Celta (1996-1997) U.D Salamanca (1997) Celta (1997-1999) Real Madrid (1999-2009) Blackburn Rovers (2009-2012) Cai de la Chorrera (2018) Salgado
18%
28-Real Santander (1970-1971) Real Madrid C.F (1971-1988) Santillana
16%
87-RCD Espanyol B (1996-1998) Rcd Espanyol (1997-1998) Lleida F.C (1998-1999) RCD Espanyol (1999-2010) Real Sociedad (2010-2011) Rayo Vallecano (2011-2012) Pachuca (2012) Rayo Vallecano (2012-2013) Sabadell (2013-2015) Tamudo
15%
92-Real Madrid C. F. "C" (2022-2023) Real Madrid Castilla C. F. (2023-2024) Real Madrid C. F. (2024-Presente) Asencio
14%
64-C.D Castellon (1991-1992) Valencia C.F (1992-2001) S.S Lazio (2001-2002) F.C Barcelona (2002-2003) Middlesbrough (2003-2007) Gaizka Mendieta
14%
59-Club Atlético de Madrid (1972-73) Burgos Club de Fútbol (1973-77) Real Madrid Club de Fútbol (1977-87) Club Deportivo Málaga (1987-89) Juanito
14%
37-Real Sociedad (1974-1989) Arconada
13%
86-Deportivo Alaves (2008-2009) Bilbao Athletic (2009-2010) Athletic club de Bilbao (2009-2025) De Marcos
13%
26-Getafe Deportivo (1956-1958) Real Madrid (1958-1959) R.C Recreativo de Huelva (1958-1959) Hercules C.F (1959-1960) Ubeda C.F (1959-1960) A.D Plus Ultra (1960-1961) Real Oviedo (1960-1961) Real Betis (1961-1964) Atletico de Madrid (1964-1975) Luis Aragones
13%
25-Erandio Club (1938-1940) Athletic Club (1940-1955) S.D Indauchu (1955-1956) C.D Baracaldos Hornos (1956-1957) Telmo Zarra
13%
82-R. C. D. Espanyol "B" (2001-2004) R. C. D. Espanyol (2002-2009) Dani Jarque
12%
69-R. C. Deportivo de La Coruña(1958-62) Real Madrid C. F.(1962-76) Amancio
11%
56-Athletic Club de Bilbao (1962-1980) Iribar
11%
62-Bilbao Athletic (1981-1984) Athletic Club (1984-1986) Club Atlético de Madrid (1986-1988) F. C. Barcelona (1988-1994) R. C. Deportivo de La Coruña (1994-1995) Real Sporting de Gijón (1995-1997) Yokohama F. Marinos (1997-1999) Deportivo Alavés (1999-2000) Julio Salinas
11%
27-Granada C.F (1963-1964) Real Madrid C.F (1964-1980) Puebla F.C (1980-1982) Pirri
11%
67-Real Betis (1976-1985) Real Madrid (1985-1992) Real Betis (1992-1995) Gordillo
9%
76-Granada C.F (1940-1942) F.C Barcelona (1942-1955) F.C España Industrial (1954-1955) Elche (1955-1960) Cesar Rodriguez
7%
78-Castilla Club de Fútbol(1983-84) Real Madrid Club de Fútbol(1983-2001) Manolo Sanchís
7%
75-R.C. Celta de Vigo(1943-48) Real Madrid C. F.(1948-53) R. C. Deportivo(1953-56) Granada C. F.(1956-57) Pahiño
6%
80-RCD Mallorca (1986-1991) F.C Barcelona (1991-1999) RCD Mallorca (1999-2005) Angel Nadal
2%
66-RCD Mallorca (1944-1946) C.F Valladolid (1946-1947) F.C Barcelona (1947-1962) Ramallets
2%
81-Argentinos Juniors (1985-1990) Tenerife (1990-1994) Real Madrid (1994-2000) Milan (2000-2004) Redondo
2%
83-F. C. Barcelona "B" (2008-11) F. C. Barcelona (2011-13) Bayern de Múnich (2013-20) Liverpool F. C. (2020-24) Thiago Alcanatara
1%
58-Albacete Balompié (1972-1973) Real Madrid Castilla (1973-1974) Real Madrid (1974-1989) Antonio Camacho
0%
84-R.C.D Mallorca (1975-1976) Deportivo la Coruña (1976-1978) S.D Huesca (1978-1979) Deportivo la Coruña (1979-1980) Sevilla (1980-1986) Real Madrid (1986-1997) Francisco Buyo
0%
94-F.C Internacional (1917-1919) F.C Barcelona (1919-1933) Madrid F.C (1933-1934) O.G.C Nice (1936-1939) Josep Samitier
0%
88-Real Madrid (1982-1988) Valencia C.F (1988-1992) CD Logroñes (1992-1994) Racing de Santander (1994-1998) Ochotorena
0%
23-Fc Barcelona (1911-1916) Bohemian S.C (1916-1918) Fc Barcelona (1918-1927) Paulo Alcantara
0%
No se encontraron pruebas coincidentes
Distribución de puntuación
Porcentaje de gente con cada puntuación
Porcentaje por número respondido
Historial de tus puntuaciones
No has intentado esta prueba.